000 00343nam a2200133 i 4500
001 bg
100 1 _aPFEIFER, H.
245 0 _aElektronik für der Physiker I.
_nBd. 38,
_pTheorie linearer Bauelemente /
_cH. Pfeifer.
260 _aBerlin,
_c1966.
040 _cBPK
041 _apol
942 _cKS
008 s pl f |000 0 pol
999 _c11686
_d11686
856 _uhttp://koha.tu.koszalin.pl/cgi-bin/koha/opac-detail.pl?biblionumber=11686
_yKatalog online BPK